[Event "Quebec Carnaval"]
[Site "Quebec"]
[Date "1971.02.13"]
[Round "3"]
[White "Sormany, Jacques"]
[Black "Brodie, Hugh"]
[Result "0-1"]
[WhiteElo "1700"]
[BlackElo "1750"]
[PlyCount "86"]
[EventDate "1971.02.12"]
[EventType "swiss"]
[EventRounds "5"]
[EventCountry "CAN"]
[SourceTitle "EXT 2022"]
[Source "ChessBase"]
[SourceDate "2021.10.06"]
[SourceVersion "1"]
[SourceVersionDate "2021.10.06"]
[SourceQuality "1"]

1. e4 e6 2. d4 d5 3. e5 c5 4. c3 Nc6 5. Bb5 cxd4 6. Bxc6+ bxc6 7. cxd4 Bb4+ 8. Nc3 Ne7 9. Qg4 Ng6 10. h4 h5 11. Qg3 Qc7 12. Nge2 Ba6 13. a3 Be7 14. Nf4 Nxf4 15. Bxf4 g6 16. b4 Bc4 17. Bg5 a5 18. Rb1 axb4 19. axb4 Qa7 20. Bxe7 Kxe7 21. Qg5+ Kd7 22. Qf6 Rhf8 23. Qf4 Rab8 24. Qd2 Qa3 25. Qb2 Ra8 26. b5 cxb5 27. Rh3 Qxb2 28. Rxb2 Rfb8 29. Rf3 Ke7 30. Rb4 Ra1+ 31. Kd2 Kf8 32. Ke3 Ra3 33. Kf4 Rb3 34. Rxb3 Bxb3 35. Kg5 Kg7 36. Rg3 Bc2 37. Ne2 b4 38. Nf4 b3 39. Nxh5+ gxh5 40. Kxh5+ Bg6+ 41. Kg5 b2 42. h5 b1Q 43. hxg6 fxg6 0-1